000 00416cam a2200181ua 4500
020 _c1.00
041 _ahin
_h
082 _a891.54
_bPRE/MO
100 _aPremchand, .
245 _aMote Ram Shastri /
_cPremchand.
_hTextual Documents
250 _a3 /
_b.
260 _aIlahabad :
_bHans Prakashan ,
_c1963.
300 _a89 ; .
365 _a1.00
504 _a
942 _cBK
999 _c8023
_d8023